000 00946nam a2200241Ia 4500
003 GCL
008 140319s9999 xx 000 0 ara d
040 _aGCL /
_cGCL
082 0 4 _a973.31
_bس ف
100 1 _aهشام عبدالله
245 1 0 _aالفكر السياسى الامريكى: البعد الفلسفى لفن ادارة شئون الدولة الامريكية /
_cهشام عبدالله
700 1 _aفريش، نورتون
700 1 _aستيفينز، ريتشارد
250 _aالاولى
260 _aبيروت :
_bالمؤسسة العربية للدراسات والنشر ،
_c1991
300 _a312 ص ؛
_c24 سم
490 _aالهيئة العامة للاستعلامات
_v0
650 0 4 _aالاحوال السياسية
650 0 4 _aالولايات المتحدة الامريكية
650 0 4 _aالحرب الاهلية
650 0 4 _aالدستور الامريكى
942 _2ddc
_cBK
999 _c48382
_d48382